| 000 | 00747nam a2200253 a 4500 | ||
|---|---|---|---|
| 001 | 000045701 | ||
| 003 | DO-SdBNP | ||
| 005 | 20230301135811.0 | ||
| 007 | ta | ||
| 008 | 150428s2012 dr 000 p spa d | ||
| 020 | _a9789945469875 | ||
| 040 |
_aDO-SdBNP _bspa _cBNPHU |
||
| 082 | 4 | _222 | |
| 100 | 1 |
_aSilverio, Rosa _914892 |
|
| 245 | 1 | 0 |
_aArma letal / _cRosa Silverio. |
| 260 |
_aSanto Domingo : _bNacional, _c2012. |
||
| 300 |
_a63 p. ; _c23 cm. |
||
| 490 | 1 | _aPremios Nacionales | |
| 500 | _aIncluye datos biografícos de la autora en la solapa de la cubierta | ||
| 586 | _aPremio nacional de poesía Salomé Ureña de Henríquez, 2011 | ||
| 590 | _aInventariado, 2023/BT | ||
| 830 | 0 |
_aPremios Nacionales _9718 |
|
| 942 |
_2ddc _cLBS1 |
||
| 999 |
_c45190 _d45190 |
||